Quiz o Dubaju - Statystyki

Ogólne statystyki
  • Ten quiz został rozwiązany 24 razy
  • Średni wynik to 5 z 10
Statystyki odpowiedzi
Wskazówka Odpowiedź % Poprawnych
W jakim państwie znajduje się to miasto? Zjednoczone Emiraty Arabskie
100%
Największy wieżowiec na świecie Burj Khalifa
83%
Tytuł władcy Dubaju Emir
83%
Linia lotnicza mająca siedzibę w Dubaju Emirates Airlines
78%
7-gwiazdkowy hotel stojący na sztucznej wyspie Burj al-Arab
44%
Największe centrum handlowe na świecie Dubai Mall
44%
Największa sztuczna wyspa na świecie Palma Jumeirah
33%
Nazwa archipelagu 300 wysp, które tworzą widok mapy świata The World
33%
Centrum handlowe, w którym ośrodek narciarski znajduje się Mall of the Emirates
6%
Nazwa krytego ośrodka narciarskiego Ski Dubai
6%
Nie znaleziono quizów pasujących do podanych kryteriów
Rozkład punktacji
Procent ludzi z każdym wynikiem
Percentyl według liczby udzielonych odpowiedzi
Twoja historia wyników
Nie rozwiązałeś tego quizu